| Поле | Инд. | ПП | Название | Значение |
|---|---|---|---|---|
| Тип записи | a | |||
| Библиографический уровень | m | |||
| 001 | Контрольный номер | a3a22f9fd2c04fd8ad541ae1ce8cc83f | ||
| 005 | Дата корректировки | 20220415145513.9 | ||
| 100 | a | Данные общей обработки | 20220415 ||| 0rusy0189 ca | |
| 101 | 0_ | a | Язык текста | rus |
| 102 | a | Страна публикации | RU | |
| 200 | 1_ | a | Заглавие | № 2(361) |
| 461 | _0 | 1 | 2001 | |
| a | Экономические и гуманитарные науки | |||
| v | № 2(361) | |||
| 1 | 2101 | |||
| d | 2022 | |||
| 1 | 001fbd04b2858ca4b7f86f22e33fe947342 | |||
| 801 | _0 | a | Страна | RU |
| b | Организация | ОГУ имени И. С. Тургенева, НБ | ||
| c | Дата составления | 20220415 | ||
| g | Правила каталогизации | PSBO | ||
| 801 | _1 | a | Страна | RU |
| b | Организация | ОГУ имени И. С. Тургенева, НБ | ||
| c | Дата составления | 20220415 | ||
| g | Правила каталогизации | PSBO | ||
| 901 | t | Тип документа | s | |
| w | Контрольный № источника | fbd04b2858ca4b7f86f22e33fe947342 |